header

Keywords for American cultural studies (Record no. 227040)

MARC details
000 -LEADER
fixed length control field 01438nam a2200373 a 4500
082 04 - DEWEY DECIMAL CLASSIFICATION NUMBER
Classification number 428.1
245 00 - TITLE STATEMENT
Title Keywords for American cultural studies
260 ## - PUBLICATION, DISTRIBUTION, ETC. (IMPRINT)
Place of publication New York :
Name of publisher New York University Press,
Year of publication c2007.
300 ## - PHYSICAL DESCRIPTION
Number of Pages vii, 288 p.
650 #0 - SUBJECT ADDED ENTRY--TOPICAL TERM
Topical Term Vocabulary.
Topical Term Social structure
Topical Term Culture
700 1# - ADDED ENTRY--PERSONAL NAME
Personal name Burgett, Bruce,
Personal name Hendler, Glenn,
856 40 - ELECTRONIC LOCATION AND ACCESS
Uniform Resource Identifier http://site.ebrary.com/lib/rucke/Doc?id=10210077

No items available.

© 2026 Rongo University
Contact us: librarian | system librarian | Rongo university